Documento expedido para Eduardo Goroztiza (Record no. 4720)

MARC details
000 -CABECERA
campo de control de longitud fija 01629nam a2200313 a 4500
001 - NÚMERO DE CONTROL
campo de control BRCA_5026
005 - FECHA Y HORA DE LA ÚLTIMA TRANSACCIÓN
campo de control 20190320204917.0
008 - DATOS DE LONGITUD FIJA--INFORMACIÓN GENERAL
campo de control de longitud fija 011110s1835----mx-######v---#000-0#spa-#
041 ## - CÓDIGO DE LENGUA
Código de lengua del texto/banda sonora o título independiente spa
044 ## - CÓDIGO DEL PAÍS DE LA ENTIDAD EDITORA/PRODUCTORA
Código MARC del país mx
084 ## - OTRO NÚMERO DE CLASIFICACIÓN
Número de clasificación DOC97
Número de documento/Ítem .G67
-- 1835
100 1# - ENTRADA PRINCIPAL--NOMBRE DE PERSONA
Nombre de persona Goroztiza y Cepeda, Manuel María del Pilar Eduardo
Fechas asociadas al nombre 1789-1851
9 (RLIN) 12829
245 10 - MENCIÓN DE TÍTULO
Título Documento expedido para Eduardo Goroztiza
Mención de responsabilidad, etc. Eduardo, Goroztiza, Gutierrez Estrada
260 ## - PUBLICACIÓN, DISTRIBUCIÓN, ETC.
Lugar de publicación, distribución, etc. México
Fecha de publicación, distribución, etc. 1835
300 ## - DESCRIPCIÓN FÍSICA
Extensión [3] fojas
Dimensiones 30 x 21 cm
500 ## - NOTA GENERAL
Nota general Documento expedido el 18 de abril de 1835
500 ## - NOTA GENERAL
Nota general Gutierréz Estrada escribe a Eduardo Goroztiza comunicándole su nombramiento como agregado a la Legación Mexicana que recide cerca del Rey de Prusia con el sueldo que tiene asignado como escribiente cuarto, mientras no se presentara una plaza en las Legaciones de Europa. Firma Gutierréz de Estrada
500 ## - NOTA GENERAL
Nota general El documento contiene la leyenda DOC. #258
500 ## - NOTA GENERAL
Nota general Al márgen: PRIMERA SECRETARIA DE ESTADO. DEPARTAMENTO DEL EXTERIOR. México 18 de abril de 1835
500 ## - NOTA GENERAL
Nota general Estado de conservación: el documento contiene manchas de acidificación
506 0# - NOTA DE RESTRICCIONES AL ACCESO
Limitaciones de acceso Fondo reservado: para su consulta es necesario credencial de usuario y carta de motivos
546 ## - NOTA DE LENGUA/LENGUAJE
Nota de lengua/lenguaje Texto en: español de mediados del siglo XIX
600 14 - PUNTO DE ACCESO ADICIONAL DE MATERIA--NOMBRE DE PERSONA
Nombre de persona Goroztiza y Cepeda, Manuel María del Pilar Eduardo
Fechas asociadas al nombre 1789-1851
9 (RLIN) 12829
650 14 - PUNTO DE ACCESO ADICIONAL DE MATERIA--TÉRMINO DE MATERIA
Término de materia o nombre geográfico como elemento de entrada Relaciones internacionales
Subdivisión general Documentos legales
9 (RLIN) 12830
651 #4 - PUNTO DE ACCESO ADICIONAL DE MATERIA--NOMBRE GEOGRÁFICO
Nombre geográfico México
Subdivisión de forma Impreso con rúbricas
Subdivisión general Historia
Subdivisión cronológica Federalismo y centralismo, 1824-1853
9 (RLIN) 12485
700 1# - PUNTO DE ACCESO ADICIONAL--NOMBRE DE PERSONA
Nombre de persona Gutierréz de Estrada
9 (RLIN) 12831
902 ## - CATALOGADOR
Iniciales FDH
942 ## - ELEMENTOS DE PUNTO DE ACCESO ADICIONAL (KOHA)
Fuente del sistema de clasificación o colocación Library of Congress Classification
Tipo de ítem Koha Documentos
Holdings
Estado de retiro Estado de pérdida Estado dañado No para préstamo Localización permanente Ubicación/localización actual Fecha de adquisición Total de préstamos Signatura topográfica completa Código de barras Fecha visto por última vez Precio válido a partir de Tipo de ítem Koha
El ejemplar forma parte de la colección y puede ser consultado según las políticas vigentes.       Biblioteca del Museo Franz Mayer (Rogerio Casas-Alatriste) Biblioteca del Museo Franz Mayer (Rogerio Casas-Alatriste) 01/11/2010   DOC97 .G67 1835 5114 22/03/2019 22/03/2019 Documentos